书目信息 |
| 题名: |
活法
|
|
| 作者: | 稻盛和夫 著 ;曹岫云 译 | |
| 分册: | 贰 成功激情 | |
| 出版信息: | 北京 东方出版社 2015 |
|
| 页数: | 173页 | |
| 开本: | 22cm | |
| 丛书名: | ||
| 单 册: | ||
| 中图分类: | B821-49 , B848.4-49 | |
| 科图分类: | ||
| 主题词: | 人生哲学--通俗读物 , 成功心理--通俗读物 | |
| 电子资源: | ||
| ISBN: | 978-7-5060-8159-7 | |
| 000 | 00814nam0 2200265 450 | |
| 001 | 1527 | |
| 005 | 20180522131805.66 | |
| 010 | @a978-7-5060-8159-7@b精装@dCNY42.00 | |
| 100 | @a20151126d2015 em y0chiy50 ea | |
| 101 | 1 | @achi@cjpn |
| 102 | @aCN@b110000 | |
| 105 | @ay z 000yy | |
| 200 | 1 | @a活法@9huo fa@h贰@i成功激情@e珍藏版@f(日)稻盛和夫著@g曹岫云译 |
| 210 | @a北京@c东方出版社@d2015 | |
| 215 | @a173页@d22cm | |
| 305 | @a由麦格劳-希尔(亚洲)教育出版公司和东方出版社合作授权出版 | |
| 517 | 1 | @a成功激情@9cheng gong ji qing |
| 606 | 0 | @a人生哲学@j通俗读物 |
| 606 | 0 | @a成功心理@j通俗读物 |
| 690 | @aB821-49@v5 | |
| 690 | @aB848.4-49@v5 | |
| 701 | 0 | @c(日)@a稻盛和夫@9dao sheng he fu@4著 |
| 702 | 0 | @a曹岫云@9cao xiu yun@4译 |
| 801 | 0 | @aCN@b91MARC@c20151126 |
| 905 | @aMuseLib@dB821-49@e832:2 | |
| 活法.贰.成功激情:珍藏版/(日)稻盛和夫著/曹岫云译.-北京:东方出版社,2015 |
| 173页;22cm |
| ISBN 978-7-5060-8159-7(精装):CNY42.00 |
| ● |
| 相关链接 |
|
|
|
|
正题名:活法
索取号:B821-49/832:2
 
预约/预借
| 序号 | 登录号 | 条形码 | 馆藏地/架位号 | 状态 | 备注 |
| 1 | 1074162 | 210741624 | 第一样本阅览室/ [索取号:B821-49/832:2] | 在馆 | |
| 2 | 1074163 | 210741633 | 第一借阅区/ [索取号:B821-49/832:2] | 在馆 | |
| 3 | 1074164 | 210741642 | 密集书库-马院/ [索取号:B821-49/832:2] | 在馆 | |
| 4 | 1074165 | 210741651 | 第一借阅区/ [索取号:B821-49/832:2] | 在馆 | |
| 5 | 1074166 | 210741660 | 第一借阅区/ [索取号:B821-49/832:2] | 在馆 | |
| 6 | 1074167 | 210741679 | 第一借阅区/ [索取号:B821-49/832:2] | 在馆 | |
| 7 | 1105047 | 211050477 | 第一借阅区/ [索取号:B821-49/832:2] | 在馆 | |
| 8 | 1105048 | 211050486 | 教育系资料室/ [索取号:B821-49/832:2] | 在馆 | |
| 9 | 1105049 | 211050495 | 教育系资料室/ [索取号:B821-49/832:2] | 在馆 | |
| 10 | 1105050 | 211050501 | 教育系资料室/ [索取号:B821-49/832:2] | 在馆 | |
| 11 | 1105051 | 211050510 | 第一借阅区/ [索取号:B821-49/832:2] | 在馆 | |
| 12 | 1105052 | 211050529 | 第一借阅区/ [索取号:B821-49/832:2] | 在馆 |